English Football League Club Records 2024 - Statistics

General Stats
  • This quiz has been taken 11 times
  • The average score is 15 of 29
Answer Stats
Record Club % Correct
Most Consecutive Wins - All Competitions (21) Manchester City
100%
Most Home Wins (1409) Manchester United
100%
Most Wins (2217) Manchester United
100%
Most Away Wins (808) Manchester United
100%
Consecutive Games without Away Defeat (29) Manchester United
100%
Fewest Losses in a Season (0) Preston North End | Liverpool | Arsenal
100%
Consecutive Games without Home Defeat (86) Chelsea
89%
Most Away League Goals in a Season (60) Arsenal
78%
Most Consecutive Games Scoring (55) Arsenal
78%
Record Win (13-0) Stockport County | Newcastle United
78%
Most Draws in a Season (23) Norwich City | Exeter City | Hartlepool United | Cardiff City
67%
Record Away Win (0-10) Sheffield United
67%
Most Consecutive Draws (8) Torquay United | Middlesbrough | Peterborough United | Birmingham City | Chesterfield | Southampton | Swansea City
67%
Fewest Points in a Season - 3 Points (11) Derby County
56%
Consecutive Games without a Win (36) Derby County | Macclesfield Town
56%
Most Double Figure League Wins (5) Birmingham City
44%
Most Goals Scored by a Losing Team (6) Huddersfield Town
33%
Most League Goals in a Season (134) Peterborough United
33%
Most Points while being Relegated - 3 Points (54) Peterborough United | Southend United
33%
Most Consecutive Wins From Start of Season (13) Reading
33%
Most Points in a Season - 3 Points (106) Reading
33%
Most Points in a Season - 2 Points (74) Lincoln City
22%
Most Home League Goals in a Season (87) Millwall
22%
Most Consecutive Games without Scoring (11) Cheltenham Town | Coventry City | Hartlepool United
11%
Fewest Points in a Season - 2 Points (8) Loughborough | Doncaster Rovers
11%
Most Points while being Relegated - 2 Points (41) Rotherham United
11%
Most Consecutive Home Wins (25) Bradford Park Avenue
0%
Most Consecutive Losses (18) Darwen
0%
Most Loses in a Season (34) Doncaster Rovers
0%
No matching quizzes found
Score Distribution
Percent of People with Each Score
Percentile by Number Answered
Your Score History
You have not taken this quiz